[Event "Knighthood Blitz"]
[Site "Vishy Anand Arena"]
[Date "2020.08.01"]
[Round "10"]
[White "adireddyarjun"]
[Black "DarkKnight8750"]
[Result "0-1"]
[WhiteElo "1536"]
[BlackElo "1993"]
[Annotator "NA"]
[PlyCount "120"]
[EventDate "2020.08.01"]
[EventType "swiss (blitz)"]

1. e4 c5 2. Nf3 d6 3. d4 cxd4 4. Nxd4 Nf6 5. Nc3 g6 6. Be3 Bg7 7. f3 O-O 8. Qd2 Nc6 9. O-O-O Nxd4 10. Bxd4 Be6 11. g4 Qa5 12. Kb1 Rfc8 13. a3 Rab8 14. Bxf6 Bxf6 15. Nd5 Qxd2 16. Nxf6+ Kg7 17. Rxd2 Kxf6 18. h3 Ke5 19. Be2 Kf4 20. Kc1 Rc5 21. c3 b5 22. Kd1 a5 23. Ke1 b4 24. axb4 axb4 25. cxb4 Rxb4 26. Kf2 Rb3 27. Ra1 Rc7 28. Ra3 Rxa3 29. bxa3 Rc3 30. Rd3 Rc2 31. Ke1 Ra2 32. Rc3 Kg3 33. Bd1 Ra1 34. a4 Bd7 35. Rc4 Kxh3 36. Kd2 Kg3 37. Rb4 h5 38. gxh5 gxh5 39. Rb7 Bxa4 40. Bxa4 Rxa4 41. Rxe7 h4 42. Rxf7 h3 43. Rh7 h2 44. Ke3 Ra3+ 45. Ke2 Ra1 46. Ke3 h1=Q 47. Rxh1 Rxh1 48. Kd4 Kxf3 49. Kd5 Re1 50. Kxd6 Rxe4 51. Kc5 Kf4 52. Kb6 Ke5 53. Kb7 Rd4 54. Ka8 Rd7 55. Kb8 Kd6 56. Ka8 Kc6 57. Kb8 Rc7 58. Ka8 Kb6 59. Kb8 Rc5 60. Ka8 Rc8# 0-1

[Event "Knighthood Blitz"]
[Site "Vishy Anand Arena"]
[Date "2020.08.01"]
[Round "10"]
[White "Indrajeet4ever"]
[Black "Surisai"]
[Result "1-0"]
[WhiteElo "1534"]
[BlackElo "1627"]
[Annotator "NA"]
[PlyCount "111"]
[EventDate "2020.08.01"]
[EventType "swiss (blitz)"]

1. d4 Nf6 2. Bf4 g6 3. e3 d5 4. Nc3 Bg7 5. h4 Nh5 6. Bh2 O-O 7. Qd2 Nd7 8. O-O-O e5 9. g4 Nhf6 10. dxe5 Nxg4 11. Bg3 c6 12. f4 Qb6 13. Bf2 Nxf2 14. Qxf2 Nc5 15. Nh3 Bxh3 16. Bxh3 a5 17. e4 Na4 18. Qxb6 Nxb6 19. exd5 Nxd5 20. Nxd5 cxd5 21. Rxd5 Bh6 22. Rf1 Rad8 23. Rxa5 Rd4 24. Ra3 Rfd8 25. Raf3 Re4 26. c3 Rxe5 27. Kc2 Re2+ 28. Kb3 Rdd2 29. Rb1 Bf8 30. f5 Kg7 31. fxg6 hxg6 32. Rff1 b6 33. Rfe1 Rh2 34. Bg4 Rxh4 35. Bf3 Rh3 36. Bg4 Rh4 37. Bd1 Rhh2 38. a3 Bc5 39. Re8 b5 40. Rb8 Be3 41. Rxb5 Rh1 42. Bc2 Rxb1 43. Bxb1 Rh2 44. a4 Bc1 45. Ka2 f5 46. a5 f4 47. a6 f3 48. a7 f2 49. a8=Q f1=Q 50. Qa7+ Qf7+ 51. Qxf7+ Kxf7 52. Ka1 Kg7 53. c4 Rd2 54. c5 Rd5 55. Rb7+ Kh6 56. c6 1-0

[Event "Knighthood Blitz"]
[Site "Vishy Anand Arena"]
[Date "2020.08.01"]
[Round "10"]
[White "Sougata"]
[Black "ABCD64"]
[Result "1-0"]
[WhiteElo "1534"]
[BlackElo "1600"]
[Annotator "NA"]
[PlyCount "87"]
[EventDate "2020.08.01"]
[EventType "swiss (blitz)"]

1. e4 e6 2. d4 d5 3. Nc3 Bb4 4. e5 c5 5. Nf3 Nc6 6. a3 Ba5 7. dxc5 Bxc3+ 8. bxc3 Qa5 9. Bd2 Qxc5 10. Bd3 Nge7 11. h4 Bd7 12. Qe2 h6 13. a4 Na5 14. O-O Nc4 15. Bxc4 Qxc4 16. Qxc4 dxc4 17. a5 Nd5 18. Rab1 Rb8 19. Nd4 Ke7 20. Nb5 Bxb5 21. Rxb5 b6 22. axb6 axb6 23. Rfb1 Ra8 24. Be3 Nxc3 25. Bxb6 Nxb1 26. Rxb1 Rhb8 27. Bc5+ Kd7 28. Rd1+ Kc6 29. Bd6 Rb2 30. c3 Raa2 31. Rf1 Rc2 32. Bb4 Rab2 33. Ba3 Rb3 34. Bf8 Rbxc3 35. Bxg7 h5 36. Bf6 Rc1 37. g3 Rxf1+ 38. Kxf1 Rc1+ 39. Kg2 c3 40. Bg5 Rb1 41. Kf3 c2 42. Ke2 c1=Q 43. Bxc1 Rxc1 44. Kd2 1-0

[Event "Knighthood Blitz"]
[Site "Vishy Anand Arena"]
[Date "2020.08.01"]
[Round "10"]
[White "vaibhavgautam"]
[Black "HRICK2008"]
[Result "0-1"]
[WhiteElo "1527"]
[BlackElo "1495"]
[Annotator "NA"]
[PlyCount "28"]
[EventDate "2020.08.01"]
[EventType "swiss (blitz)"]

1. d4 Nf6 2. Bf4 c5 3. e3 Qb6 4. Nc3 Qxb2 5. Na4 Qb4+ 6. c3 Qa5 7. Nxc5 Qxc3+ 8. Ke2 b6 9. Nb3 Ba6+ 10. Kf3 Qc6+ 11. Kg3 Ne4+ 12. Kg4 h5+ 13. Kf3 Nc3+ 14. Kg3 Nxd1 0-1

[Event "Knighthood Blitz"]
[Site "Vishy Anand Arena"]
[Date "2020.08.01"]
[Round "10"]
[White "Dr_Deep_Chesh"]
[Black "Sidba"]
[Result "0-1"]
[WhiteElo "1517"]
[BlackElo "1691"]
[Annotator "NA"]
[PlyCount "124"]
[EventDate "2020.08.01"]
[EventType "swiss (blitz)"]

1. e4 c5 2. Nf3 d6 3. g3 Nc6 4. Bg2 Nf6 5. d3 Bg4 6. O-O g6 7. Be3 Bg7 8. Qd2 O-O 9. Nc3 a6 10. Rab1 b5 11. Rfe1 Qc7 12. Nd1 Rfd8 13. b3 e5 14. c4 bxc4 15. bxc4 Rab8 16. Nc3 Nd4 17. Bxd4 exd4 18. Nd5 Nxd5 19. exd5 Rxb1 20. Rxb1 Re8 21. Re1 Qd7 22. Re4 Bf5 23. Rxe8+ Qxe8 24. Qe1 Qa4 25. Qd2 Qa3 26. Ne1 h5 27. h3 Kh7 28. f3 Bh6 29. Qe2 Be3+ 30. Kh2 Qc1 31. g4 Bd7 32. Kg3 g5 33. gxh5 Kh6 34. h4 Bf4+ 35. Kf2 Be3+ 36. Kg3 gxh4+ 37. Kxh4 Bg5+ 38. Kg3 Qf4+ 39. Kf2 Bh4+ 40. Kg1 Qe3+ 41. Qxe3+ dxe3 42. f4 Bxe1 43. Kf1 Bf2 44. Ke2 Bg4+ 45. Bf3 Bxf3+ 46. Kxf3 Kxh5 47. Ke2 Kg4 48. f5 Kf4 49. f6 Kg3 50. a3 a5 51. a4 Kf4 52. Kf1 Ke5 53. Ke2 Kd4 54. Kf3 Kxd3 55. Kf4 e2 56. Kg5 e1=Q 57. Kh6 Qe5 58. Kg7 Bh4 59. Kxf7 Qxf6+ 60. Kg8 Qe7 61. Kh8 Bf6+ 62. Kg8 Qg7# 0-1

[Event "Knighthood Blitz"]
[Site "Vishy Anand Arena"]
[Date "2020.08.01"]
[Round "10"]
[White "Enthusiast"]
[Black "Ruben1070"]
[Result "1-0"]
[WhiteElo "1500"]
[BlackElo "1282"]
[Annotator "NA"]
[PlyCount "103"]
[EventDate "2020.08.01"]
[EventType "swiss (blitz)"]

1. d4 d5 2. Nf3 Nf6 3. e3 g6 4. Bd3 Bg7 5. O-O O-O 6. c4 c6 7. c5 b6 8. b4 Nbd7 9. Bb2 a5 10. a3 Bb7 11. Nbd2 axb4 12. axb4 Rxa1 13. Bxa1 b5 14. e4 dxe4 15. Nxe4 Nxe4 16. Bxe4 Nf6 17. Bc2 Qc7 18. Ne5 e6 19. Bc3 Rd8 20. Qe1 Nd5 21. Bd2 Nf6 22. Bf4 Qc8 23. Be3 Nd5 24. Nf3 Nxe3 25. fxe3 Ba6 26. Qa1 Bb7 27. Qa7 Qc7 28. Ne5 Bxe5 29. dxe5 Ra8 30. Qb6 Qxb6 31. cxb6 Ra6 32. Rd1 Rxb6 33. Rd8+ Kg7 34. Rb8 h5 35. Kf2 Kh6 36. e4 Kg5 37. Ke3 f6 38. exf6 Kxf6 39. Kd4 e5+ 40. Kc5 Ra6 41. Rxb7 Ra1 42. Bb3 Ra2 43. Bxa2 Kg5 44. Kxc6 Kf4 45. Rxb5 Kxe4 46. Bd5+ Kf4 47. Rc5 e4 48. Bxe4 Kxe4 49. b5 Ke3 50. b6 Kf2 51. b7 Kxg2 52. b8=Q 1-0

[Event "Knighthood Blitz"]
[Site "Vishy Anand Arena"]
[Date "2020.08.01"]
[Round "10"]
[White "PrabhuBadkas"]
[Black "Arghyadip"]
[Result "0-1"]
[WhiteElo "1498"]
[BlackElo "2162"]
[Annotator "NA"]
[PlyCount "130"]
[EventDate "2020.08.01"]
[EventType "swiss (blitz)"]

1. e4 g6 2. d4 Bg7 3. Nf3 d6 4. Nc3 a6 5. Bc4 b5 6. Bd5 c6 7. Bb3 e6 8. O-O Ne7 9. h3 O-O 10. a3 Nd7 11. Be3 Nb6 12. Re1 Qc7 13. Bf4 e5 14. dxe5 dxe5 15. Bg3 h6 16. Bh4 Kh7 17. Qd2 Bb7 18. Qe3 Ng8 19. Rad1 c5 20. Bd5 Rac8 21. Nh2 Bf6 22. Bg3 Bg5 23. Qf3 Rce8 24. Ng4 Nxd5 25. exd5 Bf4 26. d6 Bxf3 27. dxc7 Bxd1 28. Rxd1 h5 29. Ne3 Bxe3 30. fxe3 Nf6 31. Nd5 Nxd5 32. Rxd5 f6 33. Rd7+ Kg8 34. Rd6 Kf7 35. b4 cxb4 36. axb4 Rc8 37. Rc6 Ke7 38. e4 Kd7 39. Rxa6 Rxc7 40. Ra2 Rfc8 41. Kh2 Rxc2 42. Ra5 Re2 43. Rxb5 Rcc2 44. Rb7+ Kc6 45. Rf7 Rxg2+ 46. Kh1 Rge2 47. Rxf6+ Kb5 48. Rf1 Rxe4 49. h4 Re3 50. Be1 Rc1 51. Kg1 Rcxe1 52. Rxe1 Rxe1+ 53. Kf2 Re4 54. Kg3 Rf4 55. Kh3 Kxb4 56. Kg3 Kc5 57. Kh3 Kd4 58. Kg3 Ke4 59. Kh3 Kf5 60. Kg3 e4 61. Kh3 e3 62. Kh2 e2 63. Kg3 e1=Q+ 64. Kh3 Rf3+ 65. Kg2 Qf1+ 0-1

[Event "Knighthood Blitz"]
[Site "Vishy Anand Arena"]
[Date "2020.08.01"]
[Round "10"]
[White "Quality_959"]
[Black "Subhranp"]
[Result "0-1"]
[WhiteElo "1490"]
[BlackElo "1412"]
[Annotator "NA"]
[PlyCount "126"]
[EventDate "2020.08.01"]
[EventType "swiss (blitz)"]

1. d4 d5 2. Bf4 Bf5 3. e3 e6 4. Nf3 Nf6 5. Bd3 Bxd3 6. Qxd3 Bd6 7. Bg3 Bxg3 8. hxg3 Nbd7 9. Nbd2 a6 10. c3 c5 11. Ne5 c4 12. Qc2 Qc7 13. Ndf3 h6 14. O-O O-O 15. Nxd7 Qxd7 16. Ne5 Qc7 17. b3 b5 18. bxc4 bxc4 19. Rab1 Nd7 20. Nxd7 Qxd7 21. Rb2 Qc7 22. Rfb1 Rab8 23. e4 Rfd8 24. exd5 exd5 25. Qf5 Rxb2 26. Rxb2 Qc6 27. Qe5 Kf8 28. Re2 Re8 29. Qxe8+ Qxe8 30. Rxe8+ Kxe8 31. Kf1 Ke7 32. Ke2 Ke6 33. Kf3 f5 34. Ke3 g5 35. f4 Kf6 36. a4 a5 37. Kf3 Kg6 38. fxg5 Kxg5 39. Ke3 Kg4 40. Kf2 h5 41. Ke3 Kxg3 42. Ke2 Kxg2 43. Ke3 Kg3 44. Ke2 h4 45. Kd1 h3 46. Kc2 h2 47. Kb2 Kf3 48. Ka2 Ke3 49. Kb2 h1=Q 50. Ka2 Qg2+ 51. Ka3 Qf1 52. Kb2 Kd3 53. Ka3 Qc1+ 54. Ka2 Qc2+ 55. Ka3 Qxc3+ 56. Ka2 Qb3+ 57. Ka1 Qxa4+ 58. Kb1 Qc2+ 59. Ka1 Qc1+ 60. Ka2 Qc2+ 61. Ka1 Qa4+ 62. Kb1 Qb3+ 63. Ka1 Qc3+ 0-1

[Event "Knighthood Blitz"]
[Site "Vishy Anand Arena"]
[Date "2020.08.01"]
[Round "10"]
[White "Mraa"]
[Black "Beradia"]
[Result "1-0"]
[WhiteElo "1487"]
[BlackElo "1533"]
[Annotator "NA"]
[PlyCount "89"]
[EventDate "2020.08.01"]
[EventType "swiss (blitz)"]

1. e4 c5 2. Nf3 Nc6 3. d4 cxd4 4. Nxd4 Nxd4 5. Qxd4 e6 6. Nc3 Qc7 7. Be3 Ne7 8. O-O-O a5 9. Kb1 Nc6 10. Qd2 a4 11. a3 Be7 12. Nb5 Qe5 13. Nd6+ Bxd6 14. Qxd6 Qxd6 15. Rxd6 O-O 16. h3 f5 17. Bd3 fxe4 18. Bxe4 Ne5 19. Rdd1 Nc4 20. Bd4 e5 21. Bc5 d6 22. Bxd6 Nxd6 23. Rxd6 Rxf2 24. Rd8+ Kf7 25. Bxb7 Bxb7 26. Rd7+ Kg6 27. Rxb7 Rxg2 28. Rf1 e4 29. Rff7 e3 30. Rxg7+ Kf5 31. Rxg2 Rd8 32. Re2 Rd2 33. Rxe3 Rh2 34. Rxh7 Rh1+ 35. Ka2 Rh2 36. Rc3 Ke4 37. Rh4+ Kd5 38. Rxa4 Rh1 39. Rac4 Ke5 40. a4 Kf5 41. a5 Ke6 42. a6 Kd7 43. a7 Rxh3 44. a8=Q Rxc3 45. Rxc3 1-0

[Event "Knighthood Blitz"]
[Site "Vishy Anand Arena"]
[Date "2020.08.01"]
[Round "10"]
[White "Monideepbanerjee"]
[Black "RIJUD"]
[Result "1-0"]
[WhiteElo "1477"]
[BlackElo "1122"]
[Annotator "NA"]
[PlyCount "93"]
[EventDate "2020.08.01"]
[EventType "swiss (blitz)"]

1. e4 e6 2. d4 d5 3. e5 c5 4. c3 Nc6 5. f4 Bd7 6. Nf3 Qc7 7. Be2 O-O-O 8. Be3 Be7 9. dxc5 f6 10. exf6 Nxf6 11. b4 Nb8 12. g3 Rhf8 13. Na3 Ne4 14. Qc2 Bf6 15. Nd4 Be8 16. Ndb5 Qe7 17. Nxa7+ Kc7 18. N3b5+ Bxb5 19. Nxb5+ Kc8 20. Qa4 Nxc3 21. Na7+ Kc7 22. Qa5+ Kd7 23. Bb5+ Nc6 24. Bxc6+ bxc6 25. b5 Nxb5 26. Nxb5 cxb5 27. Qxb5+ Kc8 28. O-O Bxa1 29. Rxa1 Qb7 30. Rb1 Qxb5 31. Rxb5 Rd7 32. c6 Rc7 33. Bc5 Rxc6 34. Bxf8 Rc1+ 35. Kg2 Rc2+ 36. Kh3 Rxa2 37. Bxg7 Kd7 38. Be5 Ra7 39. Kg4 Ra4 40. Rc5 d4 41. Rc7+ Ke8 42. Rxh7 d3 43. Rh8+ Kd7 44. Rh7+ Ke8 45. Rh8+ Kd7 46. Rh6 Ke8 47. h4 1-0

[Event "Knighthood Blitz"]
[Site "Vishy Anand Arena"]
[Date "2020.08.01"]
[Round "10"]
[White "Shubham37908"]
[Black "duvvaabbulu"]
[Result "0-1"]
[WhiteElo "1472"]
[BlackElo "1642"]
[Annotator "NA"]
[PlyCount "56"]
[EventDate "2020.08.01"]
[EventType "swiss (blitz)"]

1. d4 d6 2. e4 Nf6 3. Nc3 Nbd7 4. Bg5 e5 5. Nf3 Be7 6. Qd3 h6 7. Bxf6 Bxf6 8. dxe5 dxe5 9. O-O-O c6 10. g3 Qa5 11. Bh3 Nc5 12. Qd6 Bxh3 13. Nxe5 Rd8 14. Qxd8+ Bxd8 15. Rxd8+ Qxd8 16. Rd1 Qg5+ 17. f4 Qe7 18. b4 O-O 19. bxc5 Qxc5 20. Nd7 Bxd7 21. Rxd7 Qxc3 22. Rxb7 Qe3+ 23. Kb2 Qxe4 24. Rxa7 Qd4+ 25. Kc1 Qxa7 26. Kd2 Rd8+ 27. Kc1 Qa3+ 28. Kb1 Rd1# 0-1

[Event "Knighthood Blitz"]
[Site "Vishy Anand Arena"]
[Date "2020.08.01"]
[Round "10"]
[White "Leorider5143"]
[Black "gingeekannan"]
[Result "0-1"]
[WhiteElo "1438"]
[BlackElo "1501"]
[Annotator "NA"]
[PlyCount "38"]
[EventDate "2020.08.01"]
[EventType "swiss (blitz)"]

1. Nf3 c5 2. d4 cxd4 3. Nxd4 e5 4. Nf3 d6 5. e4 Be6 6. b3 Nc6 7. Bb2 Nf6 8. Nbd2 Be7 9. Bb5 O-O 10. h3 a6 11. Bxc6 bxc6 12. O-O Qd7 13. Re1 Bxh3 14. gxh3 Qxh3 15. Nf1 Ng4 16. N1h2 f5 17. Nxg4 fxg4 18. Nh2 Rxf2 19. Re2 Qg2# 0-1

[Event "Knighthood Blitz"]
[Site "Vishy Anand Arena"]
[Date "2020.08.01"]
[Round "10"]
[White "Anshuman Upadhyay"]
[Black "Mohit chandwani"]
[Result "0-1"]
[WhiteElo "1419"]
[BlackElo "1562"]
[Annotator "NA"]
[PlyCount "88"]
[EventDate "2020.08.01"]
[EventType "swiss (blitz)"]

1. e4 e5 2. Nf3 Nc6 3. Bc4 h6 4. O-O Nf6 5. Nc3 Bb4 6. Re1 Bxc3 7. dxc3 d6 8. b4 a6 9. Qd3 b5 10. Bb3 Bg4 11. h3 Bxf3 12. Qxf3 Qe7 13. Be3 a5 14. Bd2 a4 15. Bd5 Ra6 16. a3 Nd8 17. Ba2 c6 18. Rad1 Ne6 19. Qd3 O-O 20. Bc1 Rd8 21. Bxe6 Qxe6 22. Be3 Rd7 23. Bc1 Qe7 24. Be3 Qe8 25. Bc1 Qd8 26. Be3 Qe7 27. Bc1 Ne8 28. Rd2 Qe6 29. Bb2 Ra8 30. Ra1 Rad8 31. Rad1 Nc7 32. Ra1 d5 33. exd5 Rxd5 34. Qe3 Rxd2 35. Re1 Rd1 36. Rxd1 Rxd1+ 37. Kh2 Qd6 38. c4 e4+ 39. g3 f5 40. Kg2 Rb1 41. Kh2 Rxb2 42. Kg2 Ra2 43. Kh2 Qd1 44. Kg2 Qf3+ 0-1

[Event "Knighthood Blitz"]
[Site "Vishy Anand Arena"]
[Date "2020.08.01"]
[Round "10"]
[White "Cool_chess"]
[Black "Cheetah2020"]
[Result "0-1"]
[WhiteElo "1382"]
[BlackElo "1375"]
[Annotator "NA"]
[PlyCount "104"]
[EventDate "2020.08.01"]
[EventType "swiss (blitz)"]

1. e4 e5 2. Nf3 d6 3. Bc4 Nc6 4. Nc3 h6 5. O-O Nf6 6. h3 Nd4 7. Nxd4 exd4 8. Nd5 Nxd5 9. Bxd5 c6 10. Bb3 c5 11. Bd5 f6 12. Qh5+ Kd7 13. d3 Kc7 14. Bf4 Qe7 15. Bc4 Bd7 16. Qxc5+ Bc6 17. Qxd4 b5 18. Bd5 Bxd5 19. Qxd5 Rb8 20. Qc5+ Kd7 21. Qxa7+ Kc8 22. Qa6+ Qb7 23. Qxb7+ Rxb7 24. d4 b4 25. Rfe1 g5 26. Bh2 Kd7 27. e5 dxe5 28. dxe5 fxe5 29. Bxe5 Rh7 30. Rad1+ Kc8 31. Bd6 Bxd6 32. Rxd6 Rbd7 33. Rxd7 Rxd7 34. Re2 h5 35. Kh2 h4 36. g3 hxg3+ 37. Kxg3 Rd5 38. Kg4 Kd7 39. c4 bxc3 40. bxc3 Rc5 41. Rd2+ Kc6 42. a4 Rxc3 43. Kxg5 Rc5+ 44. Kg4 Rc4+ 45. f4 Rxa4 46. h4 Ra5 47. h5 Rd5 48. f5 Rxd2 49. h6 Rg2+ 50. Kh5 Rh2+ 51. Kg6 Rg2+ 52. Kf6 Rh2 0-1

[Event "Knighthood Blitz"]
[Site "Vishy Anand Arena"]
[Date "2020.08.01"]
[Round "10"]
[White "Ggupta211"]
[Black "Beastmaari"]
[Result "0-1"]
[WhiteElo "1382"]
[BlackElo "1653"]
[Annotator "NA"]
[PlyCount "108"]
[EventDate "2020.08.01"]
[EventType "swiss (blitz)"]

1. e4 b6 2. d4 Bb7 3. Nc3 e6 4. Nf3 Bb4 5. Bd2 Bxc3 6. bxc3 Bxe4 7. Be3 Ne7 8. Be2 Nbc6 9. O-O O-O 10. Bd3 Bxd3 11. Qxd3 f5 12. Rad1 Nd5 13. Bd2 Nf6 14. c4 Ne4 15. d5 exd5 16. Qxd5+ Kh8 17. h3 Qf6 18. Qxd7 Rad8 19. Qxc7 Nd4 20. Nxd4 Qxd4 21. Be3 Qxd1 22. Rxd1 Rxd1+ 23. Kh2 Rfd8 24. Qxa7 Nc3 25. Qxb6 Ne2 26. c5 f4 27. c6 fxe3 28. c7 Rg8 29. Qxe3 Rd7 30. Qb6 Rc8 31. Qe3 Rdxc7 32. Qxe2 Rxc2 33. Qf3 h6 34. a4 R2c3 35. Qe4 Rc1 36. a5 Ra1 37. Qb4 Ra8 38. h4 R1xa5 39. Qg4 Ra4 40. Qg3 Rf8 41. h5 Rff4 42. Kh3 Kh7 43. Qg6+ Kh8 44. Qg3 Kh7 45. f3 Rf6 46. Qc7 Raf4 47. Qd8 R4f5 48. Qd4 Rxh5+ 49. Kg3 Rg5+ 50. Kf2 Rfg6 51. Qd3 h5 52. g4 Kh6 53. gxh5 Rg2+ 54. Kf1 Re6 0-1

[Event "Knighthood Blitz"]
[Site "Vishy Anand Arena"]
[Date "2020.08.01"]
[Round "10"]
[White "Renier Gonsalves"]
[Black "IamNihar"]
[Result "0-1"]
[WhiteElo "1313"]
[BlackElo "1434"]
[Annotator "NA"]
[PlyCount "64"]
[EventDate "2020.08.01"]
[EventType "swiss (blitz)"]

1. e4 d5 2. exd5 Qxd5 3. Nc3 Qa5 4. d4 c6 5. Nf3 Bg4 6. h3 Bf5 7. Bd3 Bxd3 8. Qd2 Bg6 9. O-O Nf6 10. Ne5 Qc7 11. Qe1 Nbd7 12. Bf4 Qb6 13. Nxg6 hxg6 14. Be3 O-O-O 15. Qd2 Ne5 16. dxe5 Rxd2 17. Bxb6 Nd5 18. Nxd5 Rxd5 19. Be3 f6 20. exf6 exf6 21. Rfd1 Rd7 22. Bxa7 Be7 23. Rxd7 Kxd7 24. Rd1+ Ke6 25. Re1+ Kf7 26. Rd1 Ra8 27. Bb6 Rxa2 28. Rd7 Ke6 29. Rxb7 Rxb2 30. Rb8 Bd6 31. Re8+ Kf7 32. Rd8 Rb1# 0-1

[Event "Knighthood Blitz"]
[Site "Vishy Anand Arena"]
[Date "2020.08.01"]
[Round "10"]
[White "Karsanjib"]
[Black "Kanishsri"]
[Result "1-0"]
[WhiteElo "1301"]
[BlackElo "1358"]
[Annotator "NA"]
[PlyCount "61"]
[EventDate "2020.08.01"]
[EventType "swiss (blitz)"]

1. d4 d5 2. c4 c6 3. Nc3 dxc4 4. e3 Nf6 5. Bxc4 b5 6. Bb3 Bb7 7. Nf3 e6 8. O-O Be7 9. a3 O-O 10. Qc2 Nbd7 11. Ne4 c5 12. Nxc5 Bxc5 13. dxc5 Rc8 14. Qd3 Nxc5 15. Qxb5 Nxb3 16. Qxb3 Bxf3 17. gxf3 Nh5 18. Kg2 Qg5+ 19. Kh1 Rfe8 20. Rg1 Qf6 21. e4 Rb8 22. Qe3 Red8 23. Qg5 Qxg5 24. Rxg5 Nf6 25. Rg1 Rd3 26. Bg5 Rxf3 27. Bxf6 Rxf6 28. Rac1 g6 29. Rgd1 Rxb2 30. Rc8+ Kg7 31. Rdd8 1-0

[Event "Knighthood Blitz"]
[Site "Vishy Anand Arena"]
[Date "2020.08.01"]
[Round "10"]
[White "Entropicacogen"]
[Black "masters22"]
[Result "1-0"]
[WhiteElo "1296"]
[BlackElo "1313"]
[Annotator "NA"]
[PlyCount "49"]
[EventDate "2020.08.01"]
[EventType "swiss (blitz)"]

1. e4 e5 2. Nf3 Nc6 3. Bc4 h6 4. O-O Nf6 5. d4 Be7 6. Nxe5 Nxe4 7. Nxf7 Kf8 8. Nxd8 Nxd8 9. Qh5 Nf6 10. Nc3 c6 11. Re1 d5 12. Bd3 Ne6 13. Qd1 Nf4 14. Bxf4 Bd7 15. Be5 Rd8 16. Bxf6 Bxf6 17. Qf3 Be8 18. Re6 Kf7 19. Rae1 Rf8 20. Re7+ Kg8 21. Rxb7 Bxd4 22. Qg3 Bxf2+ 23. Qxf2 Rxf2 24. Kxf2 Rd6 25. Rxe8# 1-0

[Event "Knighthood Blitz"]
[Site "Vishy Anand Arena"]
[Date "2020.08.01"]
[Round "10"]
[White "Hamza dhariwala"]
[Black "Chessplayer324"]
[Result "0-1"]
[WhiteElo "1287"]
[BlackElo "1292"]
[Annotator "NA"]
[PlyCount "52"]
[EventDate "2020.08.01"]
[EventType "swiss (blitz)"]

1. e4 c5 2. Nf3 d6 3. d4 cxd4 4. Qxd4 Nc6 5. Qd1 a6 6. Nc3 b5 7. Bf4 Nf6 8. Bd3 e5 9. Bg5 h6 10. Bxf6 Qxf6 11. O-O Bg4 12. Nd5 Qd8 13. h3 Bh5 14. Re1 Nd4 15. Be2 Be7 16. Nxd4 Bxe2 17. Nxe2 Bh4 18. b3 O-O 19. c4 f5 20. exf5 Rxf5 21. cxb5 Bxf2+ 22. Kh2 Qg5 23. g3 Bxg3+ 24. Nxg3 Rf2+ 25. Kh1 Qxg3 26. Re2 Qg2# 0-1

[Event "Knighthood Blitz"]
[Site "Vishy Anand Arena"]
[Date "2020.08.01"]
[Round "10"]
[White "sohanpatnaik"]
[Black "Pranav104"]
[Result "0-1"]
[WhiteElo "1287"]
[BlackElo "1103"]
[Annotator "NA"]
[PlyCount "66"]
[EventDate "2020.08.01"]
[EventType "swiss (blitz)"]

1. Nf3 e6 2. d3 e5 3. Nc3 Bc5 4. e3 f5 5. d4 exd4 6. exd4 Bb6 7. Be3 c5 8. dxc5 Ba5 9. Qd2 d5 10. Bb5+ Kf8 11. a3 d4 12. Bxd4 Nc6 13. b4 Nxd4 14. Qxd4 Qxd4 15. Nxd4 Bd8 16. O-O Nh6 17. Rfe1 Kg8 18. Rad1 g6 19. Re8+ Kg7 20. Ree1 Rf8 21. Ne6+ Kg8 22. Bc4 Re8 23. Nc7+ Kg7 24. Rxe8 Bxc7 25. Re7+ Kf6 26. Nd5+ Kg5 27. g3 Kh5 28. h4 g5 29. Be2+ g4 30. Nf6+ Kg6 31. Nd5 f4 32. Re3 fxe3 33. Ne7+ Kf7 0-1

[Event "Knighthood Blitz"]
[Site "Vishy Anand Arena"]
[Date "2020.08.01"]
[Round "10"]
[White "Chesslovers143"]
[Black "Shahildey"]
[Result "1-0"]
[WhiteElo "1233"]
[BlackElo "2156"]
[Annotator "NA"]
[PlyCount "53"]
[EventDate "2020.08.01"]
[EventType "swiss (blitz)"]

1. e4 c6 2. Nc3 g6 3. d4 Bg7 4. h3 d5 5. Nf3 h5 6. Bd3 e6 7. O-O Ne7 8. Bg5 Qc7 9. Re1 f6 10. Bh4 O-O 11. Bg3 Qd8 12. exd5 cxd5 13. Nb5 Na6 14. Nh4 Nf5 15. Bxf5 gxf5 16. Qxh5 Bd7 17. Nd6 Be8 18. Ng6 Qd7 19. Re3 Nb4 20. Rae1 Nxc2 21. Rxe6 Nxe1 22. Nxf5 Nf3+ 23. gxf3 Bxg6 24. Qxg6 Rf7 25. Nh6+ Kf8 26. Bd6+ Qxd6 27. Qxf7# 1-0

[Event "Knighthood Blitz"]
[Site "Vishy Anand Arena"]
[Date "2020.08.01"]
[Round "10"]
[White "Devraj"]
[Black "Kirajos"]
[Result "0-1"]
[WhiteElo "1232"]
[BlackElo "1358"]
[Annotator "NA"]
[PlyCount "100"]
[EventDate "2020.08.01"]
[EventType "swiss (blitz)"]

1. e4 c5 2. Nf3 Nc6 3. d4 b6 4. d5 Nb8 5. Nc3 Bb7 6. Bc4 Nf6 7. Kf1 g6 8. h3 Bg7 9. g4 O-O 10. Bg5 h6 11. Bxf6 Bxf6 12. e5 Bg7 13. e6 dxe6 14. dxe6 Qxd1+ 15. Rxd1 fxe6 16. Bxe6+ Kh7 17. Nh4 Rf6 18. Bd5 Nc6 19. Bxc6 Bxc6 20. Nd5 Rd6 21. c4 b5 22. cxb5 Bxd5 23. Rh2 Bc4+ 24. Ke1 Rad8 25. Rxd6 Rxd6 26. b3 Bxb5 27. a4 Bc6 28. f3 Bc3+ 29. Ke2 c4 30. bxc4 Rd2+ 31. Ke1 Rxh2+ 32. Kf1 Rxh3 33. Ng2 Rxf3+ 34. Ke2 Rf6 35. Ne3 Re6 36. Kd3 Bf6 37. Nd5 Bxd5 38. cxd5 Re5 39. Kc4 Bg5 40. Kc5 Kg7 41. Kd4 Kf6 42. a5 h5 43. gxh5 gxh5 44. Kc5 h4 45. Kc6 h3 46. a6 h2 47. Kb7 h1=Q 48. Kxa7 Qxd5 49. Kb6 Qc5+ 50. Kb7 Qd6 0-1

[Event "Knighthood Blitz"]
[Site "Vishy Anand Arena"]
[Date "2020.08.01"]
[Round "10"]
[White "prasanthkp1"]
[Black "Adityaghule"]
[Result "1-0"]
[WhiteElo "1200"]
[BlackElo "1223"]
[Annotator "NA"]
[PlyCount "73"]
[EventDate "2020.08.01"]
[EventType "swiss (blitz)"]

1. e3 e6 2. c4 c5 3. Nc3 Nc6 4. Nf3 Nf6 5. d4 cxd4 6. exd4 d5 7. c5 Be7 8. Bf4 O-O 9. Qd3 b6 10. b4 bxc5 11. bxc5 Nb4 12. Qb1 Ba6 13. Bxa6 Nxa6 14. a3 Nb8 15. O-O Nc6 16. Qc2 Ne4 17. Nxe4 dxe4 18. Nd2 Nxd4 19. Qxe4 Bf6 20. Rad1 Nb5 21. Nf3 Qe7 22. Rd3 Rad8 23. Rfd1 Nc7 24. Bd6 Qd7 25. Bxf8 Qe8 26. Rd4 Bxd4 27. Rxd4 Rxd4 28. Qxd4 Qxf8 29. h3 Nb5 30. Qb4 Nc7 31. Ne5 Qe8 32. f3 Qe7 33. Nd3 Nd5 34. Qc4 Ne3 35. Qe4 Nxg2 36. Kxg2 Qg5+ 37. Kf2 1-0

[Event "Knighthood Blitz"]
[Site "Vishy Anand Arena"]
[Date "2020.08.01"]
[Round "10"]
[White "SudiNarayana"]
[Black "ThakurUdaiveer"]
[Result "0-1"]
[WhiteElo "1114"]
[BlackElo "1231"]
[Annotator "NA"]
[PlyCount "66"]
[EventDate "2020.08.01"]
[EventType "swiss (blitz)"]

1. e4 c5 2. Bc4 d6 3. d3 Nf6 4. Bb5+ Nbd7 5. Bxd7+ Qxd7 6. Nf3 e6 7. Bf4 Be7 8. O-O O-O 9. h3 a6 10. a3 b5 11. b4 Bb7 12. bxc5 dxc5 13. Nc3 Bd6 14. Bxd6 Qxd6 15. e5 Bxf3 16. exd6 Bxd1 17. Raxd1 Rfd8 18. Rfe1 Rxd6 19. g3 Rad8 20. Re3 c4 21. Rde1 cxd3 22. cxd3 Rxd3 23. Re5 Rxc3 24. f3 Rxf3 25. Rg5 h6 26. Rc5 Rd2 27. Rc8+ Kh7 28. Rc6 Rxg3+ 29. Kh1 Rxh3+ 30. Kg1 Rhh2 31. Re4 Nxe4 32. Rxa6 Rhf2 33. a4 Rd1# 0-1